Fundamentos de la terapia familiar
Đã lưu trong:
| Tác giả chính: | |
|---|---|
| Định dạng: | Sách |
| Ngôn ngữ: | Tiếng Tây Ban Nha |
| Được phát hành: |
Ciudad de México
Fondo de Cultura Económica
1992
|
| Loạt: | Biblioteca de Psicología y Psicoanálisis
|
| Những chủ đề: | |
| Các nhãn: |
Thêm thẻ
Không có thẻ, Là người đầu tiên thẻ bản ghi này!
|
MARC
| LEADER | 00000nam a2200000 a 4500 | ||
|---|---|---|---|
| 001 | UCZ0955 | ||
| 003 | CL-VaPUC | ||
| 008 | 950810e19920000MX |||||||||||||||||spa|d | ||
| 082 | 0 | 4 | |a 616.891 |b HOF |2 21 |
| 100 | |a Hoffman, Lynn |e author |9 557537 | ||
| 245 | 1 | 0 | |a Fundamentos de la terapia familiar |
| 246 | 1 | 3 | |a Un marco conceptual para el cambio de sistemas |
| 300 | |a 328 p | ||
| 942 | |c BK | ||
| 945 | |d 19950810 00:00:00 |a rbrito | ||
| 260 | |a Ciudad de México |b Fondo de Cultura Económica |c 1992 | ||
| 650 | 0 | |a Terapia familiar |9 312193 | |
| 650 | 7 | |a PSICOTERAPIA |2 CL-VaPUC |9 344254 | |
| 650 | 0 | |a Familias |9 255641 | |
| 583 | |a last modification |c 19950810 00:00:00 |k Rodrigo Vera | ||
| 490 | 0 | |a Biblioteca de Psicología y Psicoanálisis | |
| 999 | |c 237815 |d 237813 | ||
| 952 | |0 0 |1 0 |4 0 |6 616_891000000000000_HOF_1992 |7 0 |8 R |9 247519 |a BIBEDU |b BIBEDU |c MCIRC |d 2019-11-18 |i 311774K |o 616.891 HOF 1992 |p 311774K |r 2023-01-13 |w 2019-11-18 |y BK_R |k PSI | ||
| 952 | |0 0 |1 0 |4 0 |6 616_891000000000000_HOF_1992 |7 0 |8 R |9 247520 |a BIBEDU |b BIBEDU |d 2019-11-18 |i 3141314 |o 616.891 HOF 1992 |p 3141314 |r 2023-01-13 |w 2019-11-18 |y BK_R |k PSI | ||
| 952 | |0 0 |1 0 |4 0 |6 616_891000000000000_HOF_1992 |7 0 |8 R |9 247521 |a BIBEDU |b BIBEDU |c MCIRC |d 2019-11-18 |i 3141322 |o 616.891 HOF 1992 |p 3141322 |r 2023-01-13 |w 2019-11-18 |y BK_R |k PSI | ||